00459nam a2200157Ia 4500999001700000003000400017005001700021008004100038040001800079082001900097100002500116245006200141260004500203300000900248942004400257 c18187d18187OSt20200606120053.0190216s9999||||xx |||||||||||||| ||und|| cMESKC library a891.433bCHU/P aChug, Sathyapal9216 0aPremchandotar Upanyasam Ki Shilpa Vidhi /cSathyapal Chug bLokbharathi Prakasan,aAllahabad:c1968. a944p cBK2ddch891.433iCHU/Pk891.433mCHU/P